| 000 | 00711nam a2200205Ia 4500 | ||
|---|---|---|---|
| 005 | 20260121110135.0 | ||
| 008 | 008 260114s9999 xx 000 0 hin d | ||
| 020 | _a9788132356646 | ||
| 037 | _aEBOOK | ||
| 040 |
_aCRL _bhin _cCRL |
||
| 041 |
_ahin _2hin |
||
| 084 | _qCRL | ||
| 100 |
_aचंद्रेश जैन / Chandresh Jain _9942535 |
||
| 245 | 0 | _aसंस्कृत साहित्य में समाज का स्वरूप / Sanskrit sahitya mein samaj ka swaroop | |
| 260 |
_bभाषा प्रकाशन / Bhasha Prakashan _c2021 |
||
| 856 | _uhttps://bhashaprakashan.com/product-details/378805 | ||
| 942 | _cEBOOK | ||
| 999 |
_c1534200 _d1534200 |
||